Los derechos de las víctimas de la dictadura chilena y la imprescriptibilidad de la acción penal
Saved in:
| Main Author: | |
|---|---|
| Format: | Book |
| Language: | Spanish |
| Published: |
Santiago
El Jurista
2015
|
| Edition: | 1a. ed |
| Series: | Clásicos del Derecho
|
| Subjects: | |
| Tags: |
Add Tag
No Tags, Be the first to tag this record!
|
MARC
| LEADER | 00000cam a2200000 a 4500 | ||
|---|---|---|---|
| 001 | UCD2358 | ||
| 003 | CL-VaPUC | ||
| 008 | 160421e20150000cl |||||||||||||||||spa|d | ||
| 020 | |a 9789568839857 | ||
| 082 | 0 | 4 | |a 345.83077 |b GON |2 21 |
| 100 | 0 | |a González-Fuente Rubilar, Rodrigo |e author |9 585684 | |
| 245 | 1 | 4 | |a Los derechos de las víctimas de la dictadura chilena y la imprescriptibilidad de la acción penal |
| 250 | |a 1a. ed | ||
| 300 | |a 203 p | ||
| 942 | |c BK | ||
| 945 | |d 20160421 23:07:00 |a arojas | ||
| 260 | |a Santiago |b El Jurista |c 2015 | ||
| 650 | 0 | |a Derecho penal internacional |9 371889 | |
| 650 | 7 | |a PRESCRIPCION PENAL |2 CL-VaPUC |9 336561 | |
| 650 | 0 | |a Víctimas |9 381468 | |
| 650 | 0 | |a Dictadura militar |9 389291 | |
| 651 | 7 | |a CHILE |2 CL-VaPUC |9 585685 | |
| 583 | |a last modification |c 20160421 23:07:00 |k Rodrigo Vera | ||
| 490 | 0 | |a Clásicos del Derecho | |
| 999 | |c 363520 |d 363518 | ||
| 952 | |0 0 |1 0 |3 erb |4 0 |6 345_830770000000000_GON_2015 |7 0 |8 A |9 475975 |a BIBDER |b BIBDER |i 5283310 |l 1 |o 345.83077 GON 2015 |p 5283310 |r 2023-09-05 |s 2023-08-30 |w 2019-11-24 |y BK |z Catalogado en:20160421 |k DER | ||